Biotechnology

Kaydedildi:
Detaylı Bibliyografya
Yazar: Smith, John E.
Materyal Türü: Kitap
Dil:Undetermined
Baskı/Yayın Bilgisi: London Edward Arnold 1988
Konular:
Etiketler: Etiketle
Etiket eklenmemiş, İlk siz ekleyin!
Thư viện lưu trữ: Trung tâm Học liệu Trường Đại học Cần Thơ
LEADER 00452nam a2200181Ia 4500
001 CTU_79983
008 210402s9999 xx 000 0 und d
082 |a 660.6 
082 |b S642 
100 |a Smith, John E. 
245 0 |a Biotechnology 
245 0 |c John E. Smith 
260 |a London 
260 |b Edward Arnold 
260 |c 1988 
650 |a Biotechnology 
904 |i Trọng Hải 
980 |a Trung tâm Học liệu Trường Đại học Cần Thơ